Salva a los africanos adivinando los países - Estadísticas

Estadísticas generales
  • Esta prueba ha sido intentada 775 veces
    737 desde el último reinicio
  • La puntuación promedio es 933 de 1506
Respuestas en el mapa
Las respuestas están codificadas por una escala verde-roja en el mapa de la prueba según el % correcto abajo.
 
Estadísticas de respuestas
Population Países % Correcto
45 606 480 Argelia
91%
112 716 598 Egipto
89%
37 840 044 Marruecos
85%
102 262 808 República Democrática del Congo
83%
60 414 495 Sudáfrica
82%
27 202 843 Níger
80%
6 106 869 República del Congo
80%
48 109 006 Sudan
80%
6 888 388 Libia
78%
223 804 632 Nigeria
75%
126 527 060 Etiopía
69%
18 278 568 Chad
68%
23 293 698 Malí
67%
18 143 378 Somalia
65%
55 100 586 Kenia
61%
12 458 223 Túnez
60%
36 684 202 Angola
59%
67 438 106 Tanzania
59%
4 862 989 Mauritania
49%
33 897 354 Mozambique
45%
11 088 796 Sudán del Sur
45%
30 325 732 Madagascar
44%
28 647 293 Camerún
42%
17 763 163 Senegal
41%
2 604 172 Namibia
40%
20 569 737 Zambia
39%
34 121 985 Ghana
38%
48 582 334 Uganda
38%
3 748 901 Eritrea
27%
14 190 612 Guinea
25%
2 436 566 Gabón
24%
9 053 799 Togo
24%
16 665 409 Zimbabue
23%
2 773 168 Gambia
20%
5 742 315 Republica Centroafricana
20%
2 675 352 Botsuana
19%
13 712 828 Benín
18%
28 873 034 Costa de Marfil
18%
2 330 318 Lesoto
17%
14 094 683 Ruanda
17%
5 418 377 Liberia
16%
23 251 485 Burkina Faso
15%
598 682 Cabo Verde
14%
1 136 455 Yibuti
14%
20 931 751 Malaui
13%
13 238 559 Burundi
10%
2 150 842 Guinea-Bissau
10%
8 791 092 Sierra Leona
10%
1 300 557 Mauricio
9%
852 075 Comoras
8%
1 714 671 Guinea Ecuatorial
8%
1 210 822 Suazilandia
8%
107 660 Seychelles
7%
231 856 Santo Tomé y Príncipe
5%
No se encontraron pruebas coincidentes
Distribución de puntuación
Porcentaje de gente con cada puntuación
Porcentaje por número respondido
Historial de tus puntuaciones
No has intentado esta prueba desde el último reinicio